[Event "Moravia-ch"]
[Site "Moravia"]
[Date "1997.??.??"]
[Round "?"]
[White "Ennis, S."]
[Black "Jancalek, Petr"]
[Result "1-0"]
[WhiteElo "1605"]
[BlackElo "1975"]
[PlyCount "61"]
[EventDate "1997.??.??"]
[EventType "swiss"]
[EventRounds "9"]
[EventCountry "CZE"]
[SourceTitle "EXT 1999"]
[Source "ChessBase"]
[SourceDate "1998.11.16"]
[SourceVersion "1"]
[SourceVersionDate "1998.11.16"]
[SourceQuality "1"]

1. e4 e5 2. Nf3 Nc6 3. Bb5 Bc5 4. c3 Nge7 5. 0-0 Bb6 6. d3 0-0 7. Bg5 f6 8. Bh4 d5 9. Nbd2 Kh8 10. h3 g5 11. Bg3 g4 12. hxg4 Bxg4 13. Qe1 Rg8 14. Bxc6 Bxf3 15. Nxf3 Rxg3 16. Kh1 Rxf3 17. Bxb7 Qd7 18. Bxa8 Rh3+ 19. gxh3 Qxh3+ 20. Kg1 Ng6 21. exd5 Qg3+ 22. Kh1 Qf3+ 23. Kh2 Qh5+ 24. Kg1 Qg4+ 25. Kh2 Qf4+ 26. Kg1 f5 27. d4 Qg4+ 28. Kh2 Qf4+ 29. Kg1 Nh4 30. Qxe5+ Qxe5 31. dxe5 1-0